000 01307nam a22003017a 4500
003 DO-SdBNP
005 20180314112912.0
008 160412b2008 dr||||| |||| 00| 0 spa d
020 _a9789945171204
040 _aBPMSU
_bspa
_cBPMSU
092 _a372.7
_bT771m, 7mo. 2008
100 1 _aTrama, Eduardo
245 1 _aMatemática básica 7 /
_cEduardo Trama ; Luis Blatman
260 _aSanto Domingo :
_bEdiciones SM
_c2008
300 _a207 p. :
_bil. :
_c28 cm
490 1 _aProyecto saber má
505 0 _tUnidad 1. : Números enteros
_tUnidad 2 . : Números enteros y racionales
_tUnidad 3. : Números racionales
_tUnidad 4. : Construcciones geométricas
_tUnidad 5. : Ángulos entre paralelas, teorema de pitágoras
_tUnidad 6. : Áreas y volumenes
_tUnidad 7. : Estadistica probabilidad
_tUnidad 8 . : Análisis de datos estadisticos
_tUnidad 9. : Gráficos estadisticos álgebra
650 _aMATEMATICAS
_xENSEÑANZA BÁSICA
650 _aMATEMÁTICAS
_xENSEÑANZA ELEMENTAL
650 _aEDUCACIÓN PRIMARIA
_xLIBROS DE TEXTOS
650 _aMATEMÁTICAS
_xESTUDIOS Y EJERCICIOS
700 1 2 _aBlatman, Luis
830 0 _aProyecto saber más
910 _aValidado. Control de calidad MFF
942 _2ddc
_cBK
945 _aRemanejado para la BNPHU / 2018 VM
956 _adaysi garcia
999 _c9705
_d9705